History Quiz

Random History or Word Play Quiz

US Presidents - Fit the Pattern Quiz Stats

 Plays Quiz Updated Apr 28, 2016

Challenge
Share
Tweet
Embed
Score 0/37 Timer 05:00
4 Plays Today
% Correct
SNHWR
81.5%
FRD
81.4%
BSH
80.8%
BM
80.6%
PLK
77.7%
TFT
77.2%
RSVLT
76.6%
CLDG
76.3%
DMS
76%
HVR
75%
BCHNN
73.6%
MNR
72.5%
RGN
71.7%
NXN
68.8%
GRNT
68.7%
RTHR
68.1%
CLVLND
66.4%
JFFRSN
66.3%
PRC
64.8%
% Correct
WSHNGTN
64.6%
JHNSN
63.4%
CLNTN
62.1%
FLLMR
62.1%
GRFLD
61.5%
KNNDY
61.4%
MDSN
61%
TRMN
60.1%
CRTR
59.8%
HYS
57.5%
LNCLN
56.2%
JCKSN
55.1%
HRRSN
54.8%
TYLR
54.7%
MCKNLY
54.3%
TYLR
52.5%
WLSN
52.3%
HRDNG
52%

You're not logged in!

Compare scores with friends on all Sporcle quizzes.
OR
Log In

You Might Also Like...

Show Comments

Extras

Top Quizzes Today


Score Distribution

Your Account Isn't Verified!

In order to create a playlist on Sporcle, you need to verify the email address you used during registration. Go to your Sporcle Settings to finish the process.

Report this User

Report this user for behavior that violates our Community Guidelines.

Details: